| 000 | 02026cad a22002895a 4500 | ||
|---|---|---|---|
| 001 | K121236 | ||
| 008 | 130206s2020 xxk f 000 0 eng d | ||
| 020 | _a9781783213948 | ||
| 035 | _a(Sirsi) u158643 | ||
| 041 | 0 | _aeng | |
| 110 | 2 | _aRoyal Institution of Chartered Surveyors | |
| 245 |
_aValuation of intellectual property rights _h[electronic resource] |
||
| 260 |
_aLondon _bRICS _c2020 |
||
| 300 | _a33p | ||
| 490 | 0 | _aRICS Professional Standards and Guidance | |
| 520 | _aDiscusses the valuation of intellectual property (IP), a subset of intangible assets. Its purpose is to expand on the International Valuation Standards (IVS) and RICS Valuation – Global Standards (Red Book Global Standards) in order to clarify the legal, functional and economic characteristics of IP that should be considered and reported on in an IP valuation.IP is a legal concept that refers to creations of the mind which are derived from intellectual or creative effort and for which exclusive rights are recognised at law. These rights enable the owner to prohibit others from using their property without permission. IP can be categorised as registered or unregistered, and includes: trademarks, patents, copyright, design rights, plant breeders’ rights and trade secrets, which in this document mean confidential information that has commercial value. Effective 1 June 2020 | ||
| 520 | _aPlease note, this document was reissued in May 2023 as a professional standard. It was previously published in March 2020 as a guidance note. The regulatory requirements remain the same. | ||
| 590 | _aKA | ||
| 650 | 2 | 4 | _aINTELLECTUAL PROPERTY |
| 650 | 2 | 4 | _aINTERNATIONAL VALUATION STANDARDS |
| 650 | 2 | 4 | _aRICS valuation standards |
| 651 | 4 | _aInternational | |
| 690 |
_aValuation _96273 |
||
| 700 | 1 | _aHerbeden, Tim | |
| 856 | 4 | 0 |
_uhttps://www.rics.org/profession-standards/rics-standards-and-guidance/sector-standards/valuation-standards/valuation-of-intellectual-property-rights _zView free at RICS.org |
| 942 | _n0 | ||
| 999 |
_c121236 _d121236 |
||